00779nam a2200217 a 450000100100000000500170001000800410002702000170006804000250008508200130011010000480012324500770017126000410024830000210028949000300031050000210034050400340036183000370039595201120043299900170054400003222220200930063531.0110713s2007 sp 000 0 spa d a978849742101 aDO-SdBNPbspacBNPHU axxxbxxx1 aAlonso de Santos, José Luisd1942-92386110aManual de teoría y práctica teatral /cJosé Luis Alonso de Santos. aMadrid :bEditorial Castalia,c2007. a563 p. ;c25 cm.1 aCastalia universidad ;v6 aIncluye índice aBibliografía : (p. 547-555) 0aCastalia universidad ;v6958297 0010507-18MOaGRbGRcOId2011-07-13iLF1l0oxxx xxxp32222-10r2020-06-25w2020-06-25y1ZNo se presta c31713d31713